000 00355nam a2200145Ia 4500
008 221030s9999 xx 000 0 und d
041 _aEnglish
082 _a105.23
_bSha
100 _aM. C. Sharma
245 0 _aCare & Repair of Electronic Flash Guns
_cby M. C. Sharma
260 _bBPB Pub
_aNew Delhi
_c0
300 _a37
650 _aECE
942 _cBK
999 _c8613
_d8613